History Quiz

Random History or Politics Quiz

Prime Ministers of Italy Quiz Stats

 Plays Quiz not verified by Sporcle

Challenge
Share
Tweet
Embed
Score 0/81 Timer 15:00
0 Plays Today
Year Prime Minister % Correct
1994-1995Silvio Berlusconi
92.9%
2001-2006Silvio Berlusconi
92.9%
2008-PresentSilvio Berlusconi
92.9%
1996-1998Romano Prodi
82.6%
2006-2008Romano Prodi
82.6%
1922-1943Benito Mussolini, il Duce (titled as Head of the Government from 1925)
76.1%
1983-1987Bettino Craxi
69%
1963-1968Aldo Moro
65.5%
1974-1976Aldo Moro
65.5%
1972-1973Giulio Andreotti
64.2%
1976-1979Giulio Andreotti
64.2%
1989-1992Giulio Andreotti
64.2%
1998-2000Massimo D'Alema
57.1%
1992-1993Giuliano Amato
52.1%
2000-2001Giuliano Amato
52.1%
1945-1953Alcide de Gasperi (reelected in 1946 with the first government with a parliament democratically elected by universal suffrage)
51.3%
1892-1893Giovanni Giolitti
51%
1903-1905Giovanni Giolitti
51%
1906-1909Giovanni Giolitti
51%
1911-1914Giovanni Giolitti
51%
1920-1921Giovanni Giolitti
51%
1954Amintore Fanfani
46.6%
1958-1959Amintore Fanfani
46.6%
1960-1963Amintore Fanfani
46.6%
1982-1983Amintore Fanfani
46.6%
1987Amintore Fanfani
46.6%
1993-1994Carlo Azeglio Ciampi
44.8%
Year Prime Minister % Correct
1995-1996Lamberto Dini
43.9%
1861Camillo Benso
39.3%
1979-1980Francesco Cossiga
38.7%
1943-1944Marshal Pietro Badoglio
38.1%
1981-1982Giovanni Spadolini
35.1%
1963-1964Giovanni Leone
34.1%
1968Giovanni Leone
34.1%
1988-1989Ciriaco de Mita
32.6%
1980-1981Arnaldo Forlani
32%
1917-1919Vittorio Emanuele Orlando
31.8%
1968-1970Mariano Rumor
30.8%
1973-1974Mariano Rumor
30.8%
1887-1891Francesco Crispi
29.9%
1893-1896Francesco Crispi
29.9%
1955-1957Antonio Segni
29.5%
1959-1960Antonio Segni
29.5%
1987-1988Giovanni Goria
26.8%
1876-1878Agostino Depretis
25.9%
1878-1879Agostino Depretis
25.9%
1881-1887Agostino Depretis
25.9%
1922Luigi Facta
25.3%
1970-1972Emilio Colombo
25.1%
1921-1922Ivanoe Bonomi
24.5%
1944-1945Ivanoe Bonomi
24.5%
1919-1920Francesco Saverio Nitti
23.6%
1953-1954Giuseppe Pella
23.6%
1960Fernando Tambroni
23.2%
Year Prime Minister % Correct
1914-1916Antonio Salandra
22.8%
1906Sidney Sonnino
22%
1909-1910Sidney Sonnino
22%
1957-1958Adone Zoli
20.3%
1863-1864Marco Minghetti
19.7%
1873-1876Marco Minghetti
19.7%
1945Ferruccio Parri
19%
1954-1955Mario Scelba
18.8%
1862Urbano Rattazzi
17.8%
1867Urbano Rattazzi
17.8%
1861-1862Bettino Ricasoli
17.2%
1866-1867Bettino Ricasoli
17.2%
1878Benedetto Cairoli
16.1%
1879-1881Benedetto Cairoli
16.1%
1916-1917Paolo Boselli
15.3%
1862-1863Luigi Carlo Farini
14.6%
1898-1900Luigi Pelloux
13.4%
1910-1911Luigi Luzzatti
12.8%
1905Tommaso Tittoni
12.1%
1869-1873Giovanni Lanza
11.9%
1864-1866Alfonso Ferrero la Marmora
11.7%
1905-1906Alessandro Fortis
11.1%
1867-1869Federico Luigi, Conte Menabrea
10.7%
1891-1892Antonio Starabba, Marchese di Rudini
10.7%
1896-1898Antonio Starabba, Marchese di Rudini
10.7%
1900-1901Giuseppe Saracco
9.2%
1901-1903Giuseppe Zarnardelli
4.2%

You're not logged in!

Compare scores with friends on all Sporcle quizzes.
Join for Free
OR
Log In

You Might Also Like...

Show Comments

Extras

Top Quizzes Today


Score Distribution

Your Account Isn't Verified!

In order to create a playlist on Sporcle, you need to verify the email address you used during registration. Go to your Sporcle Settings to finish the process.

Report this User

Report this user for behavior that violates our Community Guidelines.

Details: